| 000 | 00827cam a22001934a 4500 | ||
|---|---|---|---|
| 005 | 20250605164216.0 | ||
| 008 | 250528s ||||||||||||||||||||||||d | ||
| 035 | _a20490 | ||
| 020 | _a140137459 | ||
| 040 |
_aGR-AtMCL _bgre _dGR-AtMCL _eAACR2 |
||
| 245 | 1 | _aThe Enlightment / An Evaluation of Its Assumptions, Attitudes and Values | |
| 260 |
_bPenguin Books, _c1990 |
||
| 300 | _a304 | ||
| 520 | _aThe contemporary social and political climate, in which ideas could travel from the salons of Paris to the court of Catherine the Great - but less easily from a master to his servant. Preface, Introduction: The Intellectual Background to the Eighteenth Century, A New Heaven and a New Earth, Not Peace but a Sword, Appendices, Index. | ||
| 700 | 1 |
_aHampson Norman _96472 |
|
| 942 | _cBK | ||
| 999 |
_c5592 _d5592 |
||